The Digital Hand : (Record no. 613367)

MARC details
000 -LEADER
fixed length control field 00489nam a2200193 a 4500
008 - FIXED-LENGTH DATA ELEMENTS--GENERAL INFORMATION
fixed length control field 260220s2006##################000#0#eng##
020 ## - INTERNATIONAL STANDARD BOOK NUMBER
ISBN 9780195165876
082 04 - DEWEY DECIMAL CLASSIFICATION NUMBER
Classification number 338.0640973
Item number COR.2
100 1# - MAIN ENTRY--AUTHOR NAME
Personal name Cortada, James W.,
245 10 - TITLE STATEMENT
Title The Digital Hand :
260 ## - PUBLICATION, DISTRIBUTION, ETC. (IMPRINT)
Year of publication 2006.
300 ## - PHYSICAL DESCRIPTION
Number of Pages 646 pages
650 #0 - SUBJECT ADDED ENTRY--TOPICAL TERM
Topical Term Business & Economics.
942 ## - ADDED ENTRY ELEMENTS (KOHA)
Koha item type English Books

No items available.

Find us on the map